000 00271nam a22001337a 4500
008 170401b xxu||||| |||| 00| 0 eng d
020 _a203650
041 _aeng
080 _a574
100 _a8
101 _aSHM
245 _aENVIRONMENT
_cBRENNAN, S
942 _2udc
_cBK
999 _c9402
_d9402